Εισαγωγή στη Χρηματοοικονομική Λογιστική / Λογιστικό Κύκλωμα: Τεύχος Γ' (Record no. 4286)
[ view plain ]
| 000 -LEADER | |
|---|---|
| fixed length control field | 02322cam a22002054a 4500 |
| 005 - ΗΜΕΡΟΜΗΝΙΑ ΚΑΙ ΩΡΑ ΤΕΛΕΥΤΑΙΑΣ ΕΝΗΜΕΡΩΣΗΣ | |
| Πεδίο ελέγχου | 20250605164142.0 |
| 008 - FIXED-LENGTH DATA ELEMENTS--GENERAL INFORMATION | |
| Πεδίο ελέγχου σταθερού μήκους | 250528s ||||||||||||||||||||||||d |
| 035 ## - SYSTEM CONTROL NUMBER | |
| System control number | 18995 |
| 020 ## - ISBN | |
| ISBN | 9602551224 |
| 040 ## - ΠΗΓΗ ΚΑΤΑΛΟΓΟΓΡΑΦΗΣΗΣ | |
| Φορέας πρωτότυπης καταλογογράφησης | MC Athens Campus Library |
| Γλώσσα καταλογογράφησης | Ελληνικά, Μοντέρνα (1453-) |
| Modifying agency | MC Athens Campus Library |
| Κανόνες περιγραφικής καταλογογράφησης | AACR2 |
| 245 1# - ΤΙΤΛΟΣ ΚΑΙ ΔΗΛΩΣΗ ΥΠΕΥΘΥΝΟΤΗΤΑΣ | |
| Τίτλος | Εισαγωγή στη Χρηματοοικονομική Λογιστική / Λογιστικό Κύκλωμα: Τεύχος Γ' |
| 260 ## - PUBLICATION, DISTRIBUTION, ETC. | |
| Name of publisher, distributor, etc. | Ευγ. Μπένου, |
| Date of publication, distribution, etc. | 1993 |
| 300 ## - PHYSICAL DESCRIPTION | |
| Extent | 112 |
| 505 0# - FORMATTED CONTENTS NOTE | |
| Formatted contents note | Γενικά, Ημερολόγιο και Ημερολογιακές Εγγραφές, Λογιστικά Σφάλματα, Ισοζύγιο Γενικού Καθολικού, Εγγραφές Προσαρμογής των Λογαριασμών, Ημερολογιακές Εγγραφές Προσδιορισμού του Λογιστικού Αποτελέσματος, Ημερολογιακές Εγγραφές Κλεισίματος και Ανοίγματος των Λογιστικών Βιβλίων, Φύλλο Εργασίας και Καταστάσεις Τέλους Χρήσης, Διόρθωση Λογιστικών Σφαλμάτων Προηγούμενων Χρήσεων, Αγγλοελληνικό Λεξιλόγιο Όρων Χρηματοοικονομικής Λογιστικής, Αλφαβητικό Ευρετήριο. |
| 520 ## - SUMMARY, ETC. | |
| Summary, etc. | Γενικά, Ημερολόγιο και Ημερολογιακές Εγγραφές, Λογιστικά Σφάλματα, Ισοζύγιο Γενικού Καθολικού, Εγγραφές Προσαρμογής των Λογαριασμών, Ημερολογιακές Εγγραφές Προσδιορισμού του Λογιστικού Αποτελέσματος, Ημερολογιακές Εγγραφές Κλεισίματος και Ανοίγματος των Λογιστικών Βιβλίων, Φύλλο Εργασίας και Καταστάσεις Τέλους Χρήσης, Διόρθωση Λογιστικών Σφαλμάτων Προηγούμενων Χρήσεων, Αγγλοελληνικό Λεξιλόγιο Όρων Χρηματοοικονομικής Λογιστικής, Αλφαβητικό Ευρετήριο. |
| 700 1# - ΠΡΟΣΘΕΤΗ ΑΝΑΓΡΑΦΗ--ΦΥΣΙΚΟ ΠΡΟΣΩΠΟ | |
| Personal name | Βασιλατου - Θανοπουλου Ελλη |
| 9 (RLIN) | 5275 |
| 942 ## - ADDED ENTRY ELEMENTS (KOHA) | |
| Koha item type | Books |
| Τύπος τεκμηρίου | Βιβλιοθήκη | Τρέχουσα τοποθεσία | Barcode | Αριθμός εισαγωγής | Ημερομηνία απόκτησης | Ταξιθετικό σύμβολο | Αριθμός αντιτύπου | Κατάσταση απόσυρσης | Κατάσταση χαμένου | Κατάσταση κατεστραμμένου | Μη δανεισμός | Σύνολο δανεισμών | Ημερομηνία τελευταίας εμφάνισης | Η τιμή ισχύει από |
|---|---|---|---|---|---|---|---|---|---|---|---|---|---|---|
| Books | MC Athens Campus Library | MC Athens Campus Library | 9780000042859 | 3929 | 05/06/2025 | 657.48 VAS V.C | 1 | 05/06/2025 | 05/06/2025 |